seksualiti dan Kaunseling
| Main Author: | |
|---|---|
| Format: | Book |
| Published: |
Kuala Lumpur :
Utusan Publications &Distributors Sdn.Bhd ,
1995
|
| Subjects: |
MARC
| LEADER | 00000cam a2200000 7i4500 | ||
|---|---|---|---|
| 001 | 0000043607 | ||
| 005 | 20040206.0 | ||
| 008 | 040206s1995 | ||
| 020 | |a 9676104554 | ||
| 090 | 0 | 0 | |a 306.7 AHM |
| 100 | 0 | |a Ahmad amin Mohd.Sulaiman | |
| 245 | 0 | 0 | |a seksualiti dan Kaunseling |c Ahmad Amin Mohd.Sulaiman |
| 260 | |a Kuala Lumpur : |b Utusan Publications &Distributors Sdn.Bhd , |c 1995 | ||
| 300 | |a 117p ; |c 21cm. | ||
| 650 | 0 | 0 | |a Sex Counseling |
| 999 | |a 0000072048 |b Buku |c Rak Terbuka |e Perpustakaan Cawangan Masjid Tanah | ||
| 999 | |a 0000261412 |b Buku |c Rak Terbuka |e Perpustakaan Cawangan Jasin | ||